Pubblicazioni dell'Istituto di Diritto Romano e dei diritti dell'Oriente Mediterraneo, 38
Gespeichert in:
| 1. Verfasser: | |
|---|---|
| Format: | Buch |
| Sprache: | Italienisch |
| Veröffentlicht: |
Milán
Dott. A. Giuffrè
1963
|
| Schlagworte: | |
| Tags: |
Tag hinzufügen
Keine Tags, Fügen Sie den ersten Tag hinzu!
|
MARC
| LEADER | 00000nam a2200000 a 4500 | ||
|---|---|---|---|
| 001 | UCR2819 | ||
| 003 | CL-VaPUC | ||
| 008 | 980116e19630000IT |||||||||||||||||ita|d | ||
| 082 | 0 | 4 | |a 340.54 |b GUA |2 21 |
| 100 | 0 | |a Gualandi, Giovanni |e author |9 401227 | |
| 245 | 1 | 0 | |a Pubblicazioni dell'Istituto di Diritto Romano e dei diritti dell'Oriente Mediterraneo, 38 |
| 300 | |a 204 p | ||
| 942 | |c BK | ||
| 945 | |d 19980116 00:00:00 |a aolguin | ||
| 260 | |a Milán |b Dott. A. Giuffrè |c 1963 | ||
| 650 | 0 | |a Derecho romano |9 255930 | |
| 650 | 0 | |a Jurisprudencia |9 255952 | |
| 650 | 0 | |a Constitución política |9 336925 | |
| 650 | 7 | |a EMPERADORES |2 CL-VaPUC |9 333943 | |
| 650 | 0 | |a Ordenamiento jurídico |9 355371 | |
| 650 | 0 | |a Fuentes del derecho |9 255162 | |
| 583 | |a last modification |c 20170613 10:30:23 |k Rodrigo Vera | ||
| 999 | |c 265944 |d 265942 | ||
| 952 | |0 0 |1 0 |4 0 |6 340_540000000000000_GUA_1963 |7 0 |8 DER_ROM |9 297109 |a BIBDER |b BIBDER |d 2019-11-20 |h v.1 |i 1934937 |o 340.54 GUA 1963 |p 1934937 |r 2023-01-25 |w 2019-11-20 |x Ubicación 4to piso |y BK_X |z Este recurso debe solicitarse con anticipación |k DER | ||
| 952 | |0 0 |1 0 |4 0 |6 340_540000000000000_GUA_1963 |7 0 |8 DER_ROM |9 297110 |a BIBDER |b BIBDER |d 2019-11-20 |h v.2 |i 1934880 |o 340.54 GUA 1963 |p 1934880 |r 2023-01-25 |w 2019-11-20 |x Ubicación 4to piso |y BK_X |z Este recurso debe solicitarse con anticipación |k DER | ||